00600nam a2200121Ia 4500008004100000082002000041100002300061245011400084260004600198365000600244630011400250730011400364100415s9999 xx 000 0 und d b12435a581(535) aMILLER, ANTHONY G. aPlants of Dhofar : the Southern region of Oman traditional, economic and medicinal uses: 12435 REFERENCE COPY aOMANc1988bTHE OFFICE OF THE ADVISER FOR b0 aPlants of Dhofar : the Southern region of Oman traditional, economic and medicinal uses: 12435 REFERENCE COPY aPlants of Dhofar : the Southern region of Oman traditional, economic and medicinal uses: 12435 REFERENCE COPY